MARC

LEADER 00000nam0a2200000 4500
001 313471
005 20231102002602.0
035 |a (RuTPU)RU\TPU\book\338855 
090 |a 313471 
100 |a 20160126d1973 m y0rusy50 ca 
101 0 |a rus 
102 |a RU 
105 |a a j 001zy 
200 1 |a Детали и узлы аппаратуры связи  |e учебное пособие  |f Г. А. Горячева 
210 |a Москва  |c Связь  |d 1973 
215 |a 152 с.  |c ил. 
320 |a Библиогр.: с. 152 
606 1 |a Радиоэлектронная аппаратура  |x Детали и узлы  |x Допуски и посадки  |2 stltpush  |3 (RuTPU)RU\TPU\subj\23394  |9 48002 
610 1 |a учебные пособия 
610 1 |a номиналы 
610 1 |a точность 
610 1 |a классы 
610 1 |a конденсаторы 
610 1 |a резисторы 
610 1 |a катушки 
610 1 |a индуктивность 
610 1 |a электромагнитные реле 
610 1 |a миниатюризация 
675 |a 621.396.69(075.8)  |v 4 
700 1 |a Горячева  |b Г. А.  |g Галина Анатольевна 
801 1 |a RU  |b 63413507  |c 20160126 
801 2 |a RU  |b 63413507  |c 20171024  |g RCR 
942 |c BK